| 000 | 02568cam a2200373 i 4500 | ||
|---|---|---|---|
| 650 | 7 |
_aJudaísmo _xCostumbres y prácticas _2 _96882 |
|
| 999 |
_c65796 _d65796 |
||
| 001 | 768714001 | ||
| 003 | CO-MdFUSB | ||
| 005 | 20220625062549.0 | ||
| 007 | ta | ||
| 008 | 710125t1968 nyu b 000 0 eng | ||
| 010 | _a 68022541 | ||
| 020 | _a[No incluye ISBN] | ||
| 040 |
_aDLC _cCO-MdFUSB _dDLC _dCO-MdFUSB _dOCoLC _bspa _erda |
||
| 041 | _aeng | ||
| 082 | 0 | 0 |
_223 _a296 _bA342 |
| 100 | 1 |
_aAlbright, William Foxwell, _d1891-1971. _eautor |
|
| 245 | 1 | 0 |
_aYahweh and the gods of Canaan; _ba historical analysis of two contrasting faiths. _c/ William Foxwell Albright |
| 264 | 1 |
_aGarden City, N.Y : _bDoubleday, _c[1968] |
|
| 264 | 4 | _c© 1968 | |
| 300 |
_axiv, 294 páginas. _c22 cm. |
||
| 336 |
_2rdacontent _atexto _btxt |
||
| 337 |
_2rdamedia _asin mediación _bn |
||
| 338 |
_2rdacarrier _avolumen _bnc |
||
| 490 | 1 | _aThe Jordan lectures, 1965 | |
| 504 | _aIncluye referencias bibliográficas | ||
| 505 | _aI. Versículo y prosa en la tradición israelita temprana. -- Poesía versus prosa: su fecha relativa y transmisión. -- Estilo repetitivo cananeo. -- Estilo repetitivo israelita temprano. -- El complejo JE. -- El significado histórico del verso arcaico hebreo II. El trasfondo patriarcal de la fe de Israel. -- Hallazgos arqueológicos recientes relacionados con la era patriarcal. -- Comercio y comercio en el antiguo Oriente. -- El modo de vida patriarcal. -- Hebreo y 'Apiru. -- Cosmogonía mesopotámica en Génesis. -- Ley mesopotámica en hebreo tradición III. La religión cananea en la Edad de Bronce. -- El origen étnico y cultural de los cananeos. -- La naturaleza de la religión cananea: el panteón épico. -- El panteón de Ugarit. -- Algunos otros panteones fenicios. -- Creencias, santuarios y prácticas diversas IV. La lucha entre Yahvé y los dioses de Canaán. -- El movimiento mosaico. -- La antigüedad de la ley mosaica - Los primeros vestigios paganos en la literatura hebrea: desmitificación arcaica. -- Algunos aspectos del culto israelita temprano V. Las culturas religiosas de Israel y Fenicia en tensión periódica. -- El movimiento profético en Israel. -- Fenicia y la cultura superior fenicia - Religión fenicia e israelita en contacto. -- Hierofantes fenicios y sus metamorfosis. -- Algunos aspectos importantes de la influencia literaria fenicia en Israel. | ||
| 563 | _aRústico | ||
| 830 | 0 |
_aJordan lectures in comparative religion ; _v7 |
|
| 942 | _cBK | ||
| 945 | _aJTF-925 | ||